| 000 | 00833nam a2200169 a 4500 | ||
|---|---|---|---|
| 005 | 20140412111251.0 | ||
| 008 | 000823s19uu xx 00 eng d | ||
| 020 | _a0-88106-417-3 | ||
| 050 |
_aTR(PS E _bWe37 1997 |
||
| 100 | _aTabor, Nancy Maria Grande | ||
| 245 |
_aWe are a rainbow / _cwritten and illustrated by Nancy Maria Grande Tabor. |
||
| 260 |
_aWatertown, MA : _bCharlesbridge Publishing, _c1997. |
||
| 300 | _a1 v. (unp.) ; ill. | ||
| 520 | _a"You say sol. I say sun. But no matter how we say it, it is the same one." In WE ARE RAINBOW, the simple comparisons and vivid, cut-paper art who that people of different cultures can have much in common. The message is as universal as it is eloquent: building cultural bridges benefits to everyone. | ||
| 650 | _aCultural differences-Juvenile literature | ||
| 999 |
_c103158 _d103158 |
||